| 000 | 00512nam a2200217Ia 4500 | ||
|---|---|---|---|
| 003 | OSt | ||
| 005 | 20220928151955.0 | ||
| 006 | a|||||r|||| 00| 0 | ||
| 007 | ta | ||
| 008 | 220927b |||||||| |||| 00| 0 san d | ||
| 024 | _a138397 | ||
| 037 | _cTextual | ||
| 040 |
_aSDCL _cSDCL _bsan |
||
| 041 |
_2san _asan |
||
| 082 | _aQ11, K5-8 | ||
| 100 |
_aVishava Bandhu _9518722 |
||
| 245 | 0 | _aRigveda. | |
| 260 | _c1965 | ||
| 942 |
_hQ11, K5-8 _cTEXL _2CC |
||
| 999 |
_c853707 _d853707 |
||